[Event "BAN-chT2"]
[Site "Dhaka"]
[Date "2016.11.03"]
[Round "1.4"]
[White "Raju, Ahmed1111"]
[Black "Rabiul, Bhuiyan"]
[Result "1-0"]
[WhiteElo "1596"]
[BlackElo "1987"]
[PlyCount "43"]
[EventDate "2016.11.03"]
[EventType "team-swiss"]
[EventRounds "7"]
[EventCountry "BAN"]
[SourceTitle "CBM 175 Extra"]
[Source "ChessBase"]
[SourceDate "2016.12.12"]
[SourceVersion "1"]
[SourceVersionDate "2016.12.12"]
[SourceQuality "1"]
[WhiteTeam "Creative CC"]
[BlackTeam "Janata Bank Officer Welfare"]
[WhiteTeamCountry "BAN"]
[BlackTeamCountry "BAN"]

1. e4 c5 2. Nf3 Nc6 3. d4 cxd4 4. Nxd4 e5 5. Nb5 Nf6 6. N1c3 d6 7. Bc4 Be7 8. 0-0 0-0 9. Bg5 Be6 10. Bxf6 Bxc4 11. Bxe7 Qxe7 12. Re1 Rad8 13. Nd5 Qg5 14. Nbc7 Bxd5 15. Nxd5 Kh8 16. Re3 f5 17. Rg3 Qh4 18. Rh3 Qxe4 19. Qh5 f4 20. Nc7 Rf6 21. Ne8 Rh6 22. Qf7 1-0